Rang and Dale's Pharmacology (Record no. 601)

MARC details
000 -LEADER
fixed length control field 00600nam a22002177a 4500
003 - CONTROL NUMBER IDENTIFIER
control field OSt
005 - DATE AND TIME OF LATEST TRANSACTION
control field 20210327125552.0
008 - FIXED-LENGTH DATA ELEMENTS--GENERAL INFORMATION
fixed length control field 141027b xxu||||| |||| 00| 0 eng d
020 ## - INTERNATIONAL STANDARD BOOK NUMBER
International Standard Book Number 9780443069116
020 ## - INTERNATIONAL STANDARD BOOK NUMBER
International Standard Book Number 0808923544
040 ## - CATALOGING SOURCE
Transcribing agency DLC
082 ## - DEWEY DECIMAL CLASSIFICATION NUMBER
Classification number QV4 R163h 2008
100 ## - MAIN ENTRY--PERSONAL NAME
Personal name Rang H. P.; [et....al]
9 (RLIN) 1537
245 ## - TITLE STATEMENT
Title Rang and Dale's Pharmacology
250 ## - EDITION STATEMENT
Edition statement 6th ed.
260 ## - PUBLICATION, DISTRIBUTION, ETC. (IMPRINT)
Place of publication, distribution, etc. China;
Name of publisher, distributor, etc. Churchill Livingstone,
Date of publication, distribution, etc. 2008.
300 ## - PHYSICAL DESCRIPTION
Extent xiii, 829 p :
Other physical details col.ill ;
Dimensions 30 cm.
504 ## - BIBLIOGRAPHY, ETC. NOTE
Bibliography, etc Includes Bibliographical references and index.
650 ## - SUBJECT ADDED ENTRY--TOPICAL TERM
Topical term or geographic name as entry element Pharmacology
9 (RLIN) 357
942 ## - ADDED ENTRY ELEMENTS (KOHA)
Source of classification or shelving scheme Other/Generic Classification Scheme
Koha item type Short Loan
Holdings
Withdrawn status Lost status Source of classification or shelving scheme Damaged status Not for loan Home library Current library Date acquired Source of acquisition Inventory number Total Checkouts Full call number Barcode Date last seen Koha item type
    Other/Generic Classification Scheme     MUST Main Library MUST Main Library 27/10/2014   07/29155   QV 4 R163h 2007 2014-3146 27/10/2014 Short Loan
    Other/Generic Classification Scheme     MUST Main Library MUST Main Library 28/06/2016 Purchase 08/30619   QV 4 R163h 2007 2016-2799 28/06/2016 Open Shelf
    Other/Generic Classification Scheme     MUST Main Library MUST Main Library 27/03/2021 Purchase 08/30621   QV4 R163h 2008 2021-0336 27/03/2021 Open Shelf